Wetlands conservation: current challenges and future strategies (Record no. 1234456)

MARC details
000 -LEADER
fixed length control field 00701nam a2200229Ia 4500
005 - DATE AND TIME OF LATEST TRANSACTION
control field 20250108124745.0
008 - FIXED-LENGTH DATA ELEMENTS--GENERAL INFORMATION
fixed length control field 008 250107s9999 xx 000 0 eng d
020 ## - INTERNATIONAL STANDARD BOOK NUMBER
International Standard Book Number 978-1-119-69268-3
037 ## - SOURCE OF ACQUISITION
Stock number TB
040 ## - CATALOGING SOURCE
Original cataloging agency CRL
Language of cataloging eng
Transcribing agency CRL
041 ## - LANGUAGE CODE
Language code of text/sound track or separate title eng
Source of code eng
084 ## - COLON CLASSIFICATION NUMBER
Classification number L45:424C R0
084 ## - COLON CLASSIFICATION NUMBER
Assigning agency CRL
100 ## - MAIN ENTRY--PERSONAL NAME
Personal name Sharma Sanjeev (PGDAV) Au.; Pardeep Singh Au.
9 (RLIN) 729714
245 #0 - TITLE STATEMENT
Title Wetlands conservation: current challenges and future strategies
Statement of responsibility, etc. Sharma Sanjeev (PGDAV) Au.; Pardeep Singh Au.
260 ## - PUBLICATION, DISTRIBUTION, ETC.
Place of publication, distribution, etc. West, UK
Name of publisher, distributor, etc. Sussex Wiley Blackwell
Date of publication, distribution, etc. 2068
300 ## - PHYSICAL DESCRIPTION
Extent xxi,292p.
365 ## - TRADE PRICE
Price type code INR
Price amount 0
650 ## - SUBJECT ADDED ENTRY--TOPICAL TERM
Topical term or geographic name entry element BIOLOGY
942 ## - ADDED ENTRY ELEMENTS (KOHA)
Koha item type Textbook
Classification part L45:424C R0
Holdings
Withdrawn status Lost status Damaged status Not for loan Home library Current library Date acquired Source of acquisition Total Checkouts Full call number Barcode Date last seen Price effective from Koha item type
        Central Library Central Library 2025-01-08 Gift, 01/09/2022,   G:527 R2 CL1698049 2025-01-08 2025-01-08 Textbook
Copyright @ Delhi University Library System